000 01655nam a22002897a 4500
999 _c60325
_d60325
003 Ge_BSU
005 20230629111308.0
008 230629s2016 ge ||||| |||| 00| 0 geo d
020 _a9789941085703
041 _ageo
080 _a27-726.1(479.22) ა-66
245 _aანთიმოზ ივერიელი - ქართულ-ევროპული დიალოგი :
_bმონოგრაფია /
_cი. ბრაჭული, ა. ზაქარიაძე, ვ. რამიშვილი [და სხვ.]; რედაქტორი ლევან მათეშვილი.
264 _aთბილისი,
_c2016.
300 _a232 გვ. :
_bილ. ;
_c 20 სმ.
500 _aთავფურ. და რეზიუმე ინგლ. ენაზე.
504 _aბიბლიოგრ. ტექსტის შენიშვნებში
653 _aანთიმოზ ივერიელი, 1650-1716
653 _aქართველი სასულიერო პირთა ცხოვრება
653 _aანთიმოზ ივერიელი
700 _aბრაჭული, ი.
_eავტორი.
_912145
700 _aზაქარიაძე, ა.
_eავტორი.
_919061
700 _aრამიშვილი, ვ.,
_eავტორი.
_919062
700 _aქშუტაშვილი, ა.
_eავტორი
_919063
700 _aჯალაღონია, დ.
_eავტორი
_919064
700 _aმათეშვილი, ლევან
_eრედაქტორი.
_94411
942 _2udc
_cBK